[Event "ITA-ch Lombardia Region Seniors"]
[Site "Castione della Presolana"]
[Date "2014.07.02"]
[Round "3"]
[White "De Marco, Walter"]
[Black "Gori, Andrea"]
[Result "0-1"]
[WhiteElo "1863"]
[BlackElo "2058"]
[PlyCount "76"]
[EventDate "2014.06.30"]
[EventType "swiss"]
[EventRounds "6"]
[EventCountry "ITA"]
[SourceTitle "EXT 2024"]
[Source "ChessBase"]
[SourceDate "2023.10.10"]
[SourceVersion "1"]
[SourceVersionDate "2023.10.10"]
[SourceQuality "1"]

1. Nf3 Nf6 2. b3 d6 3. d4 c5 4. dxc5 Qa5+ 5. Nbd2 Qc3 6. Rb1 Qxc5 7. e3 Nc6 8. a3 Bg4 9. Be2 Rc8 10. 0-0 e6 11. b4 Qd5 12. c4 Qf5 13. Bb2 Be7 14. h3 h5 15. Bxf6 Bxf6 16. Nb3 Ke7 17. b5 Bxf3 18. Bxf3 Ne5 19. Nd4 Nxf3+ 20. Nxf3 Rxc4 21. Qb3 Qc2 22. Nd2 Rc3 23. Qb4 Rd8 24. Rbd1 Qa2 25. Nb1 Rc2 26. Rd2 Qb2 27. Qa5 Rxd2 28. Qxd2 Qxd2 29. Nxd2 Rc8 30. Rb1 Rc3 31. Nb3 Kd7 32. Kf1 Rc2 33. a4 Ra2 34. a5 Bc3 35. b6 Bxa5 36. bxa7 Bc3 37. Nd4 Bxd4 38. Rxb7+ Kc6 0-1

[Event "Imperia op-A 53rd"]
[Site "Imperia"]
[Date "2011.09.11"]
[Round "9"]
[White "Morselli, Stefano"]
[Black "De Marco, Walter"]
[Result "1-0"]
[WhiteElo "1909"]
[BlackElo "1902"]
[PlyCount "133"]
[EventDate "2011.09.04"]
[EventType "swiss"]
[EventRounds "9"]
[EventCountry "ITA"]
[SourceTitle "EXT 2014"]
[Source "ChessBase"]
[SourceDate "2013.11.20"]
[SourceVersion "1"]
[SourceVersionDate "2013.11.20"]
[SourceQuality "1"]

1. Nf3 e6 2. g3 d5 3. Bg2 c5 4. d3 Nc6 5. 0-0 Bd6 6. Nbd2 Nge7 7. e4 Qc7 8. Re1 0-0 9. c3 Bd7 10. Qe2 f6 11. d4 cxd4 12. cxd4 Ng6 13. h4 Rac8 14. a3 Be8 15. b4 Qf7 16. Bh3 Bd7 17. h5 Nh8 18. Bb2 Qxh5 19. Kg2 Qf7 20. Rh1 e5 21. dxe5 Bxh3+ 22. Rxh3 Nxe5 23. Rah1 h6 24. Nd4 Nhg6 25. Nf5 Qd7 26. Rxh6 Kf7 27. Rh7 Rg8 28. Nh6+ Ke6 29. exd5+ Kxd5 30. Qe4+ Ke6 31. Qf5+ Ke7 32. Nxg8+ Rxg8 33. Qxd7+ Kxd7 34. Ne4 Be7 35. f4 Ng4 36. Kf3 f5 37. Nf2 Bf6 38. Bxf6 Nxf6 39. Rd1+ Kc6 40. Rhh1 Kb5 41. Rc1 b6 42. Rhd1 Ne7 43. Rc7 Ned5 44. Rxa7 Re8 45. Nd3 Re3+ 46. Kg2 Nh5 47. a4+ Kc4 48. Ne5+ Rxe5 49. fxe5 Ne3+ 50. Kf3 Nxd1 51. g4 fxg4+ 52. Kxg4 Nf6+ 53. exf6 gxf6 54. a5 bxa5 55. bxa5 Kb5 56. a6 Ne3+ 57. Kh3 Kb6 58. Re7 Nd5 59. a7 Nxe7 60. a8Q Kc7 61. Kg3 Kd6 62. Kf4 Ke6 63. Qe8 Kd6 64. Qf7 f5 65. Qf6+ Kd7 66. Ke5 f4 67. Qd6+ 1-0

[Event "Imperia op-A 53rd"]
[Site "Imperia"]
[Date "2011.09.07"]
[Round "5"]
[White "De Marco, Walter"]
[Black "Mela, Riccardo"]
[Result "0-1"]
[WhiteElo "1902"]
[BlackElo "2007"]
[PlyCount "56"]
[EventDate "2011.09.04"]
[EventType "swiss"]
[EventRounds "9"]
[EventCountry "ITA"]
[SourceTitle "EXT 2014"]
[Source "ChessBase"]
[SourceDate "2013.11.20"]
[SourceVersion "1"]
[SourceVersionDate "2013.11.20"]
[SourceQuality "1"]

1. g3 d5 2. f4 Nf6 3. Bg2 c6 4. Nf3 Nbd7 5. 0-0 e6 6. h3 Bd6 7. d3 0-0 8. c3 Nh5 9. Qe1 f5 10. e3 Nc5 11. g4 fxg4 12. hxg4 Nxf4 13. exf4 Nxd3 14. Qh4 Qb6+ 15. Kh1 Nxc1 16. Nbd2 Nd3 17. Ne5 Bxe5 18. fxe5 Bd7 19. Nf3 Qe3 20. g5 Rf4 21. Qh5 Raf8 22. Kh2 Nxe5 23. g6 Ng4+ 24. Kg3 hxg6 25. Qh3 e5 26. Qh1 e4 27. Rae1 Rxf3+ 28. Bxf3 Qf4+ 0-1

[Event "Imperia op-A 53rd"]
[Site "Imperia"]
[Date "2011.09.04"]
[Round "1"]
[White "Luciani, Valerio"]
[Black "De Marco, Walter"]
[Result "1-0"]
[WhiteElo "2179"]
[BlackElo "1902"]
[PlyCount "63"]
[EventDate "2011.09.04"]
[EventType "swiss"]
[EventRounds "9"]
[EventCountry "ITA"]
[SourceTitle "EXT 2014"]
[Source "ChessBase"]
[SourceDate "2013.11.20"]
[SourceVersion "1"]
[SourceVersionDate "2013.11.20"]
[SourceQuality "1"]

1. d4 d5 2. c4 e6 3. Nc3 c6 4. e4 dxc4 5. Bxc4 Nf6 6. Nf3 Be7 7. 0-0 b5 8. Bd3 Bb7 9. Bg5 a6 10. e5 Nd5 11. Ne4 Qc7 12. Bxe7 Kxe7 13. Re1 Nd7 14. Rc1 Raf8 15. Qd2 h6 16. Nd6 N7b6 17. Be4 Qd7 18. Qc2 Ba8 19. Nd2 f5 20. Bxd5 Nxd5 21. Qc5 Kd8 22. Nb3 Qc7 23. a4 Qb6 24. axb5 axb5 25. Ra1 Qxc5 26. Nxc5 Nb6 27. Nxe6+ Ke7 28. Nxf8 Rxf8 29. Ra7+ Ke6 30. Rea1 Kd5 31. R1a6 Rb8 32. Rxb6 1-0

[Event "EU Union-ch 3rd"]
[Site "Arvier"]
[Date "2007.06.22"]
[Round "8"]
[White "Dubois, Martine"]
[Black "De Marco, Walter"]
[Result "1/2-1/2"]
[WhiteElo "2092"]
[BlackElo "1992"]
[PlyCount "62"]
[EventDate "2007.06.15"]
[EventType "swiss"]
[EventRounds "10"]
[EventCountry "ITA"]
[SourceTitle "CBM 118 Extra"]
[Source "ChessBase"]
[SourceDate "2007.07.04"]
[SourceVersion "1"]
[SourceVersionDate "2007.07.04"]
[SourceQuality "1"]

1. e4 b6 2. d4 Bb7 3. Bd3 Nf6 4. Qe2 Nc6 5. c3 e5 6. d5 Ne7 7. Nf3 d6 8. Bg5 Ng6 9. Bb5+ Ke7 10. Nh4 Nxh4 11. Bxh4 a6 12. Bd3 Ke8 13. Nd2 Be7 14. Bg3 Kf8 15. Nc4 h5 16. h4 Bc8 17. f3 Nd7 18. b4 Bb7 19. Ne3 g6 20. Bf2 Kg7 21. g3 Nb8 22. Ng2 Nd7 23. Be3 Bf6 24. Qd2 c6 25. dxc6 Bxc6 26. Bc4 Qc7 27. Rd1 Be7 28. Bb3 Bb5 29. a4 Bc4 30. Bc2 Rac8 31. Rc1 Qc6 1/2-1/2

[Event "Cattolica op 2nd"]
[Site "Cattolica"]
[Date "2006.06.16"]
[Round "5"]
[White "Pattarello, Pierluigi"]
[Black "De Marco, Walter"]
[Result "1-0"]
[WhiteElo "1977"]
[BlackElo "2042"]
[PlyCount "59"]
[EventDate "2006.06.12"]
[EventType "swiss"]
[EventRounds "6"]
[EventCountry "ITA"]
[SourceTitle "EXT 2024"]
[Source "ChessBase"]
[SourceDate "2023.10.10"]
[SourceVersion "1"]
[SourceVersionDate "2023.10.10"]
[SourceQuality "1"]

1. d4 b6 2. c4 Bb7 3. Nc3 Nf6 4. f3 d5 5. cxd5 Nxd5 6. e4 Nxc3 7. bxc3 g6 8. Bc4 Bg7 9. Ne2 0-0 10. 0-0 c5 11. Be3 Qc7 12. Rc1 Nc6 13. Nf4 Bh6 14. Qd2 Qd6 15. e5 Qd7 16. e6 Qd6 17. exf7+ Kh8 18. Nxg6+ Qxg6 19. Bxh6 Na5 20. Bxf8 Nxc4 21. Qe2 Qxf7 22. Bxe7 Re8 23. Rfe1 Kg8 24. Qe6 Qxe6 25. Rxe6 Kf7 26. Rce1 cxd4 27. cxd4 Na3 28. Rf6+ Kg7 29. Rf4 Nb5 30. Bf6+ 1-0

[Event "Bratto op 24th"]
[Site "Bratto"]
[Date "2004.08.27"]
[Round "8"]
[White "De Marco, Walter"]
[Black "Simeone, Giulio"]
[Result "1/2-1/2"]
[WhiteElo "2053"]
[BlackElo "2024"]
[PlyCount "24"]
[EventDate "2004.08.20"]
[EventType "swiss"]
[EventRounds "9"]
[EventCountry "ITA"]
[SourceTitle "CBM 101 Extra"]
[Source "ChessBase"]
[SourceDate "2004.09.01"]
[SourceVersion "2"]
[SourceVersionDate "2004.09.01"]
[SourceQuality "1"]

1. Nf3 g6 2. d4 Bg7 3. e3 d5 4. Bd3 Nf6 5. Nbd2 0-0 6. c3 b6 7. 0-0 Bb7 8. Qe2 c5 9. Ne5 Nc6 10. Ndf3 Nxe5 11. Nxe5 Qd6 12. Bd2 Ne4 1/2-1/2

[Event "Bratto op 24th"]
[Site "Bratto"]
[Date "2004.08.25"]
[Round "6"]
[White "Gosio, Denis"]
[Black "De Marco, Walter"]
[Result "1-0"]
[WhiteElo "2170"]
[BlackElo "2053"]
[PlyCount "61"]
[EventDate "2004.08.20"]
[EventType "swiss"]
[EventRounds "9"]
[EventCountry "ITA"]
[SourceTitle "CBM 101 Extra"]
[Source "ChessBase"]
[SourceDate "2004.09.01"]
[SourceVersion "2"]
[SourceVersionDate "2004.09.01"]
[SourceQuality "1"]

1. e4 d6 2. d4 Nf6 3. Nc3 g6 4. Be3 Bg7 5. f3 0-0 6. Qd2 c6 7. Bh6 Bxh6 8. Qxh6 Qb6 9. 0-0-0 Qa5 10. g4 b5 11. e5 Nd5 12. Nxd5 cxd5 13. Nh3 f6 14. exf6 exf6 15. Kb1 Nc6 16. Nf4 Ne7 17. Bd3 f5 18. Rde1 Rf7 19. Nxd5 Qd8 20. Nxe7+ Rxe7 21. gxf5 Rxe1+ 22. Rxe1 Qf8 23. Qxf8+ Kxf8 24. fxg6 hxg6 25. Bxg6 Bd7 26. Be4 Re8 27. d5 Re5 28. c3 Kg7 29. Rg1+ Kf7 30. Kc2 Rh5 31. Bg6+ 1-0

[Event "Bratto op 24th"]
[Site "Bratto"]
[Date "2004.08.22"]
[Round "3"]
[White "Scacco, Mauro"]
[Black "De Marco, Walter"]
[Result "0-1"]
[WhiteElo "2117"]
[BlackElo "2053"]
[PlyCount "104"]
[EventDate "2004.08.20"]
[EventType "swiss"]
[EventRounds "9"]
[EventCountry "ITA"]
[SourceTitle "CBM 101 Extra"]
[Source "ChessBase"]
[SourceDate "2004.09.01"]
[SourceVersion "2"]
[SourceVersionDate "2004.09.01"]
[SourceQuality "1"]

1. e4 c5 2. Nf3 g6 3. d4 cxd4 4. Nxd4 Bg7 5. Be3 Nc6 6. Bc4 Nf6 7. Nc3 0-0 8. 0-0 d6 9. h3 Bd7 10. Bb3 Qa5 11. f4 Qh5 12. Qxh5 Nxh5 13. Rad1 Nf6 14. Nf3 Be8 15. e5 dxe5 16. fxe5 Nd7 17. e6 Nde5 18. exf7+ Bxf7 19. Nxe5 Bxe5 20. Bh6 Bg7 21. Bxg7 Kxg7 22. Rd7 Bxb3 23. cxb3 Rxf1+ 24. Kxf1 Rb8 25. a3 Kf7 26. Ne4 Ke8 27. Rd3 Rd8 28. Rxd8+ Kxd8 29. Ng5 h5 30. Ne6+ Ke8 31. b4 Kf7 32. Nc5 b6 33. Ne4 Ke6 34. Ke2 Nd4+ 35. Kd3 Nf5 36. Ng5+ Kd5 37. Ne4 Nd6 38. Nc3+ Ke5 39. Ne2 Nf5 40. g3 g5 41. a4 a6 42. b3 e6 43. g4 hxg4 44. hxg4 Nh6 45. Nd4 Nxg4 46. Nc6+ Kd5 47. Nb8 a5 48. Nd7 Ne5+ 49. Nxe5 Kxe5 50. bxa5 bxa5 51. b4 axb4 52. Kc4 b3 0-1

[Event "Bratto op 24th"]
[Site "Bratto"]
[Date "2004.08.21"]
[Round "2"]
[White "De Marco, Walter"]
[Black "Buccoliero, Alessandro"]
[Result "0-1"]
[WhiteElo "2053"]
[BlackElo "2123"]
[PlyCount "60"]
[EventDate "2004.08.20"]
[EventType "swiss"]
[EventRounds "9"]
[EventCountry "ITA"]
[SourceTitle "CBM 101 Extra"]
[Source "ChessBase"]
[SourceDate "2004.09.01"]
[SourceVersion "2"]
[SourceVersionDate "2004.09.01"]
[SourceQuality "1"]

1. c4 e5 2. Nc3 Ne7 3. Nf3 Nbc6 4. d4 exd4 5. Nxd4 Nxd4 6. Qxd4 Nc6 7. Qe4+ Be7 8. e3 0-0 9. Bd3 f5 10. Qd5+ Kh8 11. Be2 Bf6 12. 0-0 Bxc3 13. bxc3 Qf6 14. Qd2 d6 15. Rb1 Ne5 16. Ba3 b6 17. f4 Nd7 18. Bf3 Rb8 19. Bc6 Qf7 20. e4 fxe4 21. Bxe4 Qxc4 22. Bd5 Qa4 23. Rb3 Ba6 24. Rf3 Nc5 25. Bxc5 bxc5 26. c4 Bxc4 27. Rxb8 Rxb8 28. Rg3 Rb1+ 29. Kf2 Rf1+ 30. Ke3 Qe8+ 0-1

[Event "Imperia op-A 45th"]
[Site "Imperia"]
[Date "2003.09.06"]
[Round "8"]
[White "De Marco, Walter"]
[Black "Carzolio, Luigi"]
[Result "1/2-1/2"]
[WhiteElo "2096"]
[BlackElo "2042"]
[PlyCount "82"]
[EventDate "2003.08.31"]
[EventType "swiss"]
[EventRounds "9"]
[EventCountry "ITA"]
[SourceTitle "EXT 2005"]
[Source "ChessBase"]
[SourceDate "2004.11.15"]
[SourceVersion "1"]
[SourceVersionDate "2004.11.15"]
[SourceQuality "1"]

1. Nf3 b5 2. b3 Bb7 3. e3 a6 4. Bb2 Nf6 5. d4 e6 6. Bd3 c5 7. Nbd2 cxd4 8. exd4 Be7 9. 0-0 0-0 10. Qe2 d6 11. a4 b4 12. Ne4 Nxe4 13. Bxe4 Bxe4 14. Qxe4 Nd7 15. d5 Bf6 16. Bxf6 Nxf6 17. Qxb4 Nxd5 18. Qd2 Qb6 19. Rfd1 Rfd8 20. Rab1 Rac8 21. c4 Nf6 22. Qd4 Qc5 23. Rdc1 a5 24. Qb2 Qb4 25. Nd4 Ne4 26. Nf3 Nc5 27. Qc2 h6 28. g4 Nd7 29. g5 Qb7 30. Qd3 hxg5 31. Nxg5 Nf6 32. Re1 Rc5 33. Qg3 Qe7 34. Ne4 Nxe4 35. Rxe4 Rg5 36. Rg4 Rxg4 37. Qxg4 Rb8 38. Qg3 Rb6 39. Rb2 Qb7 40. Rb1 Qc6 41. Rd1 Qc5 1/2-1/2

[Event "Imperia op-A 45th"]
[Site "Imperia"]
[Date "2003.09.03"]
[Round "5"]
[White "Semeria, Marco"]
[Black "De Marco, Walter"]
[Result "1-0"]
[WhiteElo "2066"]
[BlackElo "2096"]
[PlyCount "75"]
[EventDate "2003.08.31"]
[EventType "swiss"]
[EventRounds "9"]
[EventCountry "ITA"]
[SourceTitle "EXT 2005"]
[Source "ChessBase"]
[SourceDate "2004.11.15"]
[SourceVersion "1"]
[SourceVersionDate "2004.11.15"]
[SourceQuality "1"]

1. e4 g6 2. d4 Bg7 3. Be3 d6 4. f4 a6 5. Nf3 b5 6. c3 Bb7 7. Nbd2 Nd7 8. Bd3 c5 9. 0-0 Ngf6 10. h3 h5 11. Qe1 d5 12. e5 Ne4 13. Bxe4 dxe4 14. Ng5 cxd4 15. cxd4 e6 16. Ndxe4 Bxe4 17. Nxe4 0-0 18. Nd6 Nb6 19. Rc1 Nc8 20. Ne4 Ne7 21. Rf2 Nf5 22. Rfc2 Qd5 23. Nc3 Qd7 24. Qd2 Rfd8 25. Ne2 Qd5 26. b3 Bf8 27. Rc7 Qe4 28. Kf2 Nh4 29. Rg1 Rac8 30. Nc3 Qa8 31. Rxc8 Rxc8 32. Qd3 Bb4 33. Ne4 Nf5 34. g4 hxg4 35. hxg4 Be7 36. gxf5 Bh4+ 37. Ke2 exf5 38. Nd6 1-0

[Event "Imperia op-A 45th"]
[Site "Imperia"]
[Date "2003.08.31"]
[Round "1"]
[White "Mrdja, Milan"]
[Black "De Marco, Walter"]
[Result "1-0"]
[WhiteElo "2346"]
[BlackElo "2096"]
[PlyCount "38"]
[EventDate "2003.08.31"]
[EventType "swiss"]
[EventRounds "9"]
[EventCountry "ITA"]
[SourceTitle "EXT 2005"]
[Source "ChessBase"]
[SourceDate "2004.11.15"]
[SourceVersion "1"]
[SourceVersionDate "2004.11.15"]
[SourceQuality "1"]

1. e4 g6 2. d4 Bg7 3. Nc3 d6 4. Bc4 c6 5. Bb3 Nf6 6. f4 0-0 7. Nf3 Na6 8. e5 Ne8 9. Be3 d5 10. 0-0 Bg4 11. h3 Bxf3 12. Qxf3 e6 13. g4 Qe7 14. Rae1 Nec7 15. Ne2 c5 16. c3 Rab8 17. f5 f6 18. g5 gxf5 19. exf6 Qf7 1-0